LIBRARY & INFORMATION CENTRE, KCAET, TAVANUR

ONLINE PUBLIC ACCESS CATALOGUE (OPAC)

Marsers and larsers: molecular amplification and oscillation by stimulated emission (Record no. 8)

MARC details
000 -LEADER
fixed length control field 00624cam a2200241ua 4500
041 ## - LANGUAGE CODE
Language code of text/sound track or separate title eng
082 ## - DEWEY DECIMAL CLASSIFICATION NUMBER
Classification number 028.7
Item number TRO/MA
100 ## - MAIN ENTRY--AUTHOR NAME
Personal name Troup, Gorden .
245 ## - TITLE STATEMENT
Title Marsers and larsers: molecular amplification and oscillation by stimulated emission
250 ## - EDITION STATEMENT
Edition statement 2 /
260 ## - PUBLICATION, DISTRIBUTION, ETC. (IMPRINT)
Place of publication London :
Name of publisher Methuen & Co Ltd ,
Year of publication 1965.
300 ## - PHYSICAL DESCRIPTION
Number of Pages 192 ; .
650 ## - SUBJECT ADDED ENTRY--TOPICAL TERM
Topical Term Infra red
650 ## - SUBJECT ADDED ENTRY--TOPICAL TERM
Topical Term Microwave amplifier system
650 ## - SUBJECT ADDED ENTRY--TOPICAL TERM
Topical Term Oscillator
650 ## - SUBJECT ADDED ENTRY--TOPICAL TERM
Topical Term Quantum Mechanics
650 ## - SUBJECT ADDED ENTRY--TOPICAL TERM
Topical Term Thermodynamics
942 ## - ADDED ENTRY ELEMENTS (KOHA)
Koha item type Books
003 - CONTROL NUMBER IDENTIFIER
control field @
003 - CONTROL NUMBER IDENTIFIER
control field OSt
Holdings
Withdrawn status Lost status Damaged status Home library Current library Date acquired Full call number Accession Number Koha item type
      KAUAET KAUAET 07/04/2012 028.7 11715 Reference
free website counter